Kpop: trouve la musique grâce aux paroles - Statistiques

Statistiques générales
  • Ce quiz a été pris 3 464 fois
  • Le résultat moyen est 13 sur 30
Statistiques - réponses
Paroles Réponse % Correct
It's the love shot
Na nanana nananana
Na nanana nanana
Na nanana nananana
EXO - Love Shot
84%
WOW FANTASTIC BABY
DANCE I WANNA DAN DAN DAN
DAN DANCE FANTASTIC BABY
BIGBANG - FANTASTIC BABY
80%
Kick in the door, waving the coco Papkonina chaenggyeo kkyeodeul saenggak malgo I talk that talk, runways I walk, walk BLACKPINK - Pink Venom
78%
Ma-ma-ma-mamba Ooh, whoa, whoa (hey) Ma-ma-ma-mamba Oh, eh-oh, eh-oh (hey) Aespa - Black Mamba
75%
You have stolen my heart, oh, yeah Never let it go, oh, oh, no Never let it go, oh, oh, oh Twice - The Feels
66%
Neukkyeojyeo, nae meorin Daze Daze Daze Jungdoge ppajyeo Replay Play Play Wonham wonhaneun daero Gal ttaekkaji gabwa Go Nareul gadun Carnival wow wow ENHYPEN - Drunk-Dazed
63%
You and I It's more than 'LIKE' L daeum tto O daeum nan yeah You and I It's more than 'LIKE' IVE - After LIKE
60%
I wanna be a good man just for you Sesangeul jwossne just for you Jeonbu bakkwosseo just for you Now I dunno me, who are you ? BTS - Fake Love
59%
I like dancing, I love my friends Sometimes we swear without cigarettes I like to eh, on drinking whiskey I won't change it, what the hell? (G)I-dle - TOMBOY
56%
What you lookin' at What you what you lookin' at What you lookin' at What you what you lookin' at Le SSERAFIM - FEARLESS
55%
No way you can make us stop We're about to paint the town Ra ta ta ta ta ta ta ta ta LOONA - PTT (Paint The Town)
55%
Big wave Big wave pihaji ma Break it up Break it up majseo eoseo NMIXX - DICE
54%
A to the G to the U to the STD A to the G to the U to the STD A to the G to the U to the STD Hongkongeul bonaeneun my tongue technology Agust D - Agust D
53%
Shhhhhhh Guess who loves you naya na Do I show you ? No ya No ITZY - Mafia In the morning
51%
Mabeobui geunalcheoreom say "believe me"
Bultabeorin nae mameul
Come and feel me feel me
Oh can't you see me ?
My friends don't understand me, no
TXT - Can't You See Me?
50%
I'm the biggest hit I'm the biggest hit on this stage I'm the biggest hit I'm the biggest hit on this stage If you are happy and you know it clap your hands yo (in this beat) If you are happy and you know it clap your hands (in this beat) NCT 127 - Cherry Bomb
49%
Just look at me (Ah) Ha-ah-ah Just look at me, baby, day and night Stray Kids - TASTE
41%
On my my way modu bareul majchugo On my my way hana dul hamyeon ttwieo On my my way eopsneun gildo mandeureo ATEEZ - WONDERLAND
39%
All Ain't nobody bringing us
Down down down
They could try
But we're gonna wear the crown
K/DA : POP/STARS
36%
Running vroom vroom vroom Like a supersonic (Let's go) Kep1er - WA DA DA
33%
You are so done-- Now you're done-- Naui nunbicce gathin Jageun eorin yanggati EVERGLOW - DUN DUN
30%
Rip it Rip it I run up I run up I run up I run up Geu nuguui maldo an deureo SEVENTEEN - Left & Right
29%
We gon get it pop it We gon we gon get it pop it Igeon geunyang noraenikkan rideum ta iKON - RHYTHM TA
23%
Deonjyeo beoryeo suit & tie
Deureseu kodeun bling bling bling
Neowa naui mix & match
Ppaeji malgo drunken drunken
MAMAMOO - gogobebe
23%
You're a part of me You and me We are one You are the reason for my life If you're not here, I'm not here GOT7 - You Calling My Name
22%
A little bit little bit (Young)
A little bit little bit (Young)
A little bit little bit
Alji naui Style
STAYC - RUN2U
19%
Turning over page
Turning over page Jogeumssik jopyeoga yuryeokan judongja
Namgyeojin victim, big pain, deep gray
Chaja like Jackie Chan, quickly, swiftly
Dreamcatcher - VISION
13%
Uri sarangeun banbakbulga Neon bureowo jukgessji Jigeum bae apa jukgessji Dangjang ppaesgo sipgessji Dwaesseo dwaesseo ONEUS - No diggity
7%
Boy you know know know know
Like the way maleopsi soneul japgo
Like the way jogeumeun nollaedo
Silhjiga anheungeol
You know boy boy boy boy
Chung Ha - Gotta Go
5%
Ojik nan one shot !! Imma one girl army Tagyeokeopseo, zero base, charge it up Don't you get it ? AleXa - Do Or Die
4%
Aucun quiz correspondant
Distribution des résultats
% des personnes avec chaque résultat
Percentile par nombre de réponses
Votre historique - résultats
Vous n’avez pas pris ce quiz